Nechte být, paní Smrti /

Hlavní autor: Pedretti, Erica, 1930-2022
Další autoři: Topoľská, Lucy, 1933-
Jazyk: Čeština
Vydáno: Olomouc : Votobia, 1997
Témata:
Externí odkaz: Digitalizovaný dokument
Fyzický popis: 153 s. ; 20 cm
Knihy
Uloženo v:
LEADER 01202nam a2200313 a 4500
001 000151340
003 CZ BrMZK
005 20210322164307.0
007 ta
008 960815s1997 xr g f cze d
015 |a cnb000206880 
020 |a 80-7198-185-0 
035 |a (OCoLC)37963574 
040 |a BOA001  |b cze 
072 7 |a 821.112.2-3  |x Německá próza, německy psaná  |2 Konspekt  |9 25 
080 |a 821.112.2(494)-31  |2 MRF 
080 |a (0:82-31)  |2 MRF 
100 1 |a Pedretti, Erica,  |d 1930-2022  |7 jo20000082564  |4 aut 
245 1 0 |a Nechte být, paní Smrti /  |c Erica Pedretti ; [z němčiny přeložila Lucy Topol'ská]. 
260 |a Olomouc :  |b Votobia,  |c 1997 
300 |a 153 s. ;  |c 20 cm 
500 |a Dostupné též v digitální podobě v aplikaci Kramerius 
655 7 |a švýcarské romány (německy)  |7 fd139323  |2 czenas 
700 1 |a Topoľská, Lucy,  |d 1933-  |7 jk01132798  |4 trl 
765 0 |t Engste Heimat 
856 4 1 |u http://www.digitalniknihovna.cz/mzk/uuid/uuid:66a23fc0-733c-11e6-81ec-005056827e51  |y Digitalizovaný dokument  |x NDK 
910 |a BOA001  |b 2-1030.679 
990 |a BK 
996 6 |b 2610049139  |c 2-1030.679  |l MZK  |r Sklad / do 1 hodiny  |n 19  |p p.v.  |w 000151340  |u 000010  |a 1  |e BOA001  |j MZK50  |s P